000 01610nam a2200361Ic 4500
001 58740
003 CO-BoRNBP
005 20250827212809.0
007 ta
008 210818s2016 ck ao er 000 0 spa d
020 _a9789588912776
040 _aCO-BoRNBP
_bspa
_erda
_cCO-BoRNBP
041 0 _aspa
082 0 4 _a303.484
_bU73c
_222
082 0 4 _a909.82
_bU73c /
100 1 _aUribe Forero, Diana,
_d1959-
_eaut
_963887
245 1 0 _aContracultura :
_blos movimientos de los años 60 hacia la utopía /
_cDiana Uribe ; edición y coordinación editorial Juan Sebastián Sabogal Jara ; investigación y redacción Alejandra Espinosa Uribe.
250 _aPrimera edición
264 1 _aBogotá, Colombia :
_bPenguin Random House Grupo Editorial,
_c2016
300 _a340 páginas :
_bilustraciones, fotografías en color y a blanco y negro +
_e2 CD-ROM
336 _atexto
_btxt
_2rdacontent
337 _asin mediación
_bn
_2rdamedia
338 _avolumen
_bnc
_2rdacarrier
500 _aIncluye discografía del material acompañante
505 0 _aMovimiento por la libertad -- Movimientos estudiantil y antiguerra Hippismo -- Movimiento por la liberación de las mujeres y la liberación gay -- Arte pop y rock
521 _aRecomendado para un público adulto
650 0 7 _aHistoria social
_xAspectos morales y éticos
_2lemb
_963888
650 0 7 _aMovimientos estudiantiles
_xAspectos fisiológicos
_2lemb
_963889
650 0 7 _aMovimientos sociales
_ySiglo XX
_2lemb
_963890
700 _aEspinosa Uribe, Alejandra
_ertv
_963891
700 _aSabogal Jara, Juan Sebastián
_eedt
_963892
942 _2ddc
_cBK
999 _c58740
_d58740